Del otro lado del espejo / (Record no. 184308)

MARC details
000 -LEADER
campo de control de longitud fija 00813nam a2200229 i 4500
001 - NÚMERO DE CONTROL
campo de control 184308
003 - IDENTIFICADOR DE NÚMERO DE CONTROL
campo de control ES-MaACL
005 - FECHA Y HORA DE LA ÚLTIMA TRANSACCIÓN
campo de control 20231119131720.0
008 - DATOS DE LONGITUD FIJA--INFORMACIÓN GENERAL
campo de control de longitud fija 150615s2013 sp |||| | spa d
020 ## - NÚMERO INTERNACIONAL ESTÁNDAR DEL LIBRO
Número Internacional Estándar del Libro 978-84-9949-404-3
080 ## - NÚMERO DE LA CLASIFICACIÓN DECIMAL UNIVERSAL
Número de la Clasificación Decimal Universal 821.134.2-14"19"
100 1# - ENTRADA PRINCIPAL--NOMBRE DE PERSONA
Nombre de persona Fenoy, Francisco (
Fechas asociadas al nombre 1941-)
9 (RLIN) 166476
245 10 - MENCIÓN DEL TÍTULO
Título Del otro lado del espejo /
Mención de responsabilidad, etc. Francisco Fenoy ; [prólogo, José León Cano].
260 ## - PUBLICACIÓN, DISTRIBUCIÓN, ETC.
Lugar de publicación, distribución, etc. Madrid :
Nombre del editor, distribuidor, etc. Liber Factory,
Fecha de publicación, distribución, etc. D.L. 2013.
300 ## - DESCRIPCIÓN FÍSICA
Extensión 77 p. ;
Dimensiones 21 cm.
700 1# - ENTRADA AGREGADA--NOMBRE PERSONAL
Nombre de persona León Cano, José.
9 (RLIN) 157045
852 ## - LOCALIZACIÓN
Ubicación ES-MaACL
Número de control de estantería A-13547
itemnumber 191304
Sublocalización o colección R.150379
Ubicación en estantería Depósito 1
Signatura antigua Olim: N-6547
Anotaciones manuscritas Dedicatoria autógrafa del autor
Donativo/Legado Donativo: Francisco Fenoy
903 ## - NOMBRE PERSONAL DE DONANTE
9 166476
a Fenoy, Francisco (
d 1941-)
e Donante
942 ## - ELEMENTOS DE ENTRADA SECUNDARIOS (KOHA)
Fuente del sistema de clasificación o colocación Clasificación decimal universal
Tipo de ítem Koha Libro impreso
Holdings
Estatus retirado Estado de pérdida Fuente del sistema de clasificación o colocación Estado de daño No para préstamo Colección Biblioteca de origen Biblioteca actual Ubicación en estantería Fecha de adquisición Fuente de adquisición Total de préstamos Signatura topográfica completa Código de barras Visto por última vez Precio de reemplazo Tipo de ítem Koha Nota pública
    Clasificación decimal universal     Libros con dedicatorias Biblioteca del Ateneo de Madrid Biblioteca del Ateneo de Madrid Depósito 1 15/06/2015 Donación   A-13547 1193892 23/02/2023 23/02/2023 Libro impreso Dedicatoria autógrafa del autor